000 00565nam a2200229Ia 4500
003 OSt
005 20221005120633.0
006 a|||||r|||| 00| 0
007 ta
008 221004b |||||||| |||| 00| 0 mal d
024 _a59206
037 _cTextual
040 _aCRL
_cCRL
_bmal
041 _2mal
_amal
082 _aV212y7N28, 32L5
100 _aNair N.Sreekantan Au.
245 0 _aEnte amma
260 _c1975
650 _aHISTORY
942 _hV212y7N28, 32L5
_cTEXL
_2cc
999 _c1038634
_d1038634